000 00609nam a2200169 4500
001 133339
003 ES-MaACL
005 20230906194358.0
007 t|
008 070214s1967 sp r ||||1| spa d
100 1 _aRubira Carbonell, Miguel.
_9100459
245 1 0 _aOposiciones a la Escuela General de Policía
_b: contestaciones al Programa del Tercer Ejercicio : (Primer grupo) /
_cpor D. Miguel Rubirá Carbonell, D. José Ortin Pérez.
260 _aMadrid :
_bJurispericia,
_c1967.
300 _a164, II p. ;
_c31 cm.
700 1 _aOrtin Pérez, José.
_987542
852 _aES-MaACL
_jC-35725
_bR.65481
999 _c133339
_d133339